North American Pro Sports Cities - Sudden Death - Statistics

General Stats
  • This quiz has been taken 2,390 times
    203 since last reset
  • The average score is 29 of 48
Answers on the Grid
Answers color-coded by a green-red scale on the quiz's grid according to % correct below.
Albuquerque
Anaheim
Atlanta
Austin
Baltimore
Boise
Boston
Brooklyn
Buffalo
Calgary
Charlotte
Chicago
Cincinnati
Cleveland
Colorado Springs
Columbus
Dallas
Denver
Detroit
Duluth
Durham
Edmonton
El Paso
Fresno
Green Bay
Halifax
Hamilton
Hartford
Havana
Honolulu
Houston
Indianapolis
Jacksonville
Kansas City
Las Vegas
Los Angeles
Louisville
Madison
Memphis
Mexico City
Miami
Milwaukee
Montreal
Nashville
New Orleans
New York
Norfolk
Oklahoma City
Omaha
Orlando
Ottawa
Philadelphia
Phoenix
Pittsburgh
Portland
Quebec
Richmond
Sacramento
San Antonio
San Diego
San Francisco
San Jose
San Juan
Saskatoon
Seattle
South Bend
St. Louis
St. Paul
Syracuse
Tijuana
Toronto
Tucson
Tulsa
Tuscaloosa
Vancouver
Washington
Wilmington
Winnipeg
 
Answer Stats
Answer % Correct
Atlanta
95%
Anaheim
81%
Boston
78%
Chicago
76%
Baltimore
73%
Buffalo
71%
Dallas
71%
Cleveland
69%
Denver
69%
Detroit
69%
Houston
68%
Charlotte
67%
Cincinnati
67%
Green Bay
67%
Kansas City
66%
Los Angeles
66%
Indianapolis
65%
Brooklyn
64%
Edmonton
64%
Las Vegas
63%
Miami
63%
Calgary
62%
Milwaukee
62%
Philadelphia
62%
Jacksonville
61%
New York
61%
Memphis
60%
New Orleans
59%
Pittsburgh
59%
San Francisco
57%
Orlando
56%
Phoenix
56%
Seattle
55%
Columbus
54%
Montreal
54%
Portland
54%
San Antonio
53%
Nashville
52%
Oklahoma City
52%
Ottawa
50%
Sacramento
50%
St. Louis
50%
Toronto
49%
San Diego
48%
Washington
46%
San Jose
44%
Vancouver
43%
Winnipeg
38%
No matching quizzes found
Score Distribution
Percent of People with Each Score
Percentile by Number Answered
Your Score History
You have not taken this quiz since the last reset